000 00419nam a22001817a 4500
003 MPLRDC
005 20220104173531.0
008 210129b ||||| |||| 00| 0 eng d
020 _a0-380-82669-0
082 _a870.57 GILM-2
100 _aCHRISTOPHER COOK GILMORE
245 _aTHE BAD ROOM
_c
250 _a初版
260 _a
_bAVON BOOKS
_c1983
300 _b
650 _a
942 _cBK
_o870.57 GILM-2
999 _c59465
_d59455